Phương pháp xướng âm
Tallennettuna:
| Päätekijä: | |
|---|---|
| Aineistotyyppi: | Kirja |
| Kieli: | Undetermined |
| Julkaistu: |
Hà Nội
Văn Hóa
1976
|
| Aiheet: | |
| Tagit: |
Lisää tagi
Ei tageja, Lisää ensimmäinen tagi!
|
| Thư viện lưu trữ: | Trung tâm Học liệu Trường Đại học Cần Thơ |
|---|
| LEADER | 00496nam a2200181Ia 4500 | ||
|---|---|---|---|
| 001 | CTU_9816 | ||
| 008 | 210402s9999 xx 000 0 und d | ||
| 082 | |a 784.962 | ||
| 082 | |b D406 | ||
| 100 | |a Doãn Mẫn | ||
| 245 | 0 | |a Phương pháp xướng âm | |
| 245 | 0 | |c Doãn Mẫn | |
| 260 | |a Hà Nội | ||
| 260 | |b Văn Hóa | ||
| 260 | |c 1976 | ||
| 650 | |a music,score reading and playing | ||
| 904 | |i Minh, 961001 | ||
| 980 | |a Trung tâm Học liệu Trường Đại học Cần Thơ | ||